000 00533nam a22001937a 4500
999 _c7605
_d7605
003 OSt
005 20220114164928.0
008 220114b ||||| |||| 00| 0 eng d
020 _a3823613421
040 _cDDC
082 _a371.1022 HOFF 2002
100 _aHoffmann, Volker
_915544
245 _aPicture Supported Communication in Africa.
260 _aGerman:
_bMargraf Verlag.
_c2002,
300 _axiv,351p.:
_bill;
_c23cm.
504 _aIncludes References
650 _aCommunication in teaching.
_915545
942 _2ddc
_cBOOK